<?xml version="1.0" encoding="UTF-8"?>
<collection xmlns="http://www.loc.gov/MARC21/slim">
 <record>
  <leader>00961pamaa2200217   4500</leader>
  <controlfield tag="001">0000046806</controlfield>
  <controlfield tag="005">20140919090000.0</controlfield>
  <controlfield tag="008">100308                             eng  </controlfield>
  <datafield tag="020" ind1="0" ind2="0">
   <subfield code="a">012481851X (pbk.) </subfield>
  </datafield>
  <datafield tag="090" ind1="0" ind2="0">
   <subfield code="a">QC791 </subfield>
   <subfield code="b">MCC 2005</subfield>
  </datafield>
  <datafield tag="100" ind1="1" ind2="0">
   <subfield code="a">McCracken </subfield>
  </datafield>
  <datafield tag="245" ind1="1" ind2="0">
   <subfield code="a">Fusion : </subfield>
   <subfield code="b">the energy of the universe  </subfield>
   <subfield code="c">Garry McCracken and Peter Stott.</subfield>
  </datafield>
  <datafield tag="260" ind1="0" ind2="0">
   <subfield code="a">Burlington, MA: </subfield>
   <subfield code="b">Elsevier Academic Press, </subfield>
   <subfield code="c">2005.</subfield>
  </datafield>
  <datafield tag="300" ind1=" " ind2=" ">
   <subfield code="a">xx, 186 p.: </subfield>
   <subfield code="b">ill. (some col.); </subfield>
   <subfield code="c">23 cm.</subfield>
  </datafield>
  <datafield tag="440" ind1="0" ind2="0">
   <subfield code="a">Complementary science series</subfield>
  </datafield>
  <datafield tag="501" ind1="0" ind2="0">
   <subfield code="a">CPR</subfield>
  </datafield>
  <datafield tag="504" ind1="0" ind2="0">
   <subfield code="a">Includes bibliographical references (p. 177-180) and index</subfield>
  </datafield>
  <datafield tag="505" ind1="0" ind2="0">
   <subfield code="a">What is nuclear fusion? -- Energy from mass -- Fusion in the sun and stars -- Man-made fusion -- Magnetic confinement -- The hydrogen bomb -- Inertial confinement -- False trails -- Tokamaks -- From T3 to ITER -- Fusion power plants -- Why we need fusion energy</subfield>
  </datafield>
  <datafield tag="650" ind1="0" ind2="0">
   <subfield code="a">Nuclear fusion </subfield>
  </datafield>
  <datafield tag="700" ind1="1" ind2="1">
   <subfield code="a">Stott, </subfield>
   <subfield code="h">Peter </subfield>
  </datafield>
  <datafield tag="901" ind1=" " ind2=" ">
   <subfield code="u">www.books.elsevier.com</subfield>
  </datafield>
 </record>
</collection>
